=LDR 00000nam 2200000 4500 =001 INLIS000000000021823 =005 20130612120638 =008 ***********************************Ind** =035 ##$$0010-061300000021823 =041 ##$$a Ind =082 ##$$a 658.401 2 =090 ##$$a 658.401 2, Naw-p =100 ##$$a NAWAWI, H. Hadari =245 ##$$a Perencanaa SDM untuk organisasi propit yang kompetitif, Prof. Dr. H. Hadari Nawawi =260 ##$$a 2003 $b Yogyakarta =300 ##$$a xiv, 267 hlm., ilus., 21 cm =650 ##$$a Organisasi - Perencanaan SDM =850 ##$$a NBPNMAT